<?xml version="1.0" encoding="UTF-8"?><collection xmlns="info:lc/xmlns/marcxchange-v2"><record format="Unimarc" type="bibliographic"><leader>00872nam  2200217   450 </leader><controlfield tag="001">2135220</controlfield><controlfield tag="003">http://id.bnportugal.gov.pt/bib/porbase/2135220</controlfield><datafield ind1=" " ind2=" " tag="010"><subfield code="a">3-88299-059-7</subfield></datafield><datafield ind1=" " ind2=" " tag="035"><subfield code="a">IICT_132.iso/20-03-2009/7352</subfield></datafield><datafield ind1=" " ind2=" " tag="100"><subfield code="a">20070504d1989    k  y0porb0103    ba</subfield></datafield><datafield ind1="0" ind2=" " tag="101"><subfield code="a">ger</subfield></datafield><datafield ind1=" " ind2=" " tag="102"><subfield code="a">DE</subfield></datafield><datafield ind1="0" ind2=" " tag="200"><subfield code="a">Mentawai</subfield><subfield code="e">Identitãt im Wandel auf indonesischen Ausseninseln</subfield><subfield code="f">Hrsg. Wilfried Wagner</subfield></datafield><datafield ind1=" " ind2=" " tag="210"><subfield code="a">Bremen</subfield><subfield code="c">Übersee-Museum</subfield><subfield code="d">1989</subfield></datafield><datafield ind1=" " ind2=" " tag="215"><subfield code="a">230 p.</subfield><subfield code="c">il.</subfield><subfield code="d">24 cm</subfield></datafield><datafield ind1="2" ind2=" " tag="225"><subfield code="a">Veröffentlichungen aus dem Überseemuseum Bremen.</subfield><subfield code="h">Reihe C,</subfield><subfield code="i">Deutsche geographische Blãtter, N.F.</subfield><subfield code="v">5</subfield><subfield code="x">ISSN 0341-9258</subfield></datafield><datafield ind1=" " ind2=" " tag="300"><subfield code="a">Comunicações apresentadas numa conferência realizada em 1988 na Universitãt Bremen</subfield></datafield><datafield ind1=" " ind2=" " tag="675"><subfield code="a">299(=72)(594)</subfield><subfield code="v">BN</subfield><subfield code="z">por</subfield></datafield><datafield ind1=" " ind2=" " tag="675"><subfield code="a">39(=72)(594)</subfield><subfield code="v">BN</subfield><subfield code="z">por</subfield></datafield><datafield ind1=" " ind2=" " tag="675"><subfield code="a">811.62(=72)(594)</subfield><subfield code="v">BN</subfield><subfield code="z">por</subfield></datafield><datafield ind1=" " ind2="1" tag="702"><subfield code="a">Wagner</subfield><subfield code="b">Wilfried</subfield><subfield code="f">1935-</subfield><subfield code="4">340</subfield></datafield><datafield ind1=" " ind2="0" tag="801"><subfield code="a">PT</subfield><subfield code="b">IICT</subfield><subfield code="c">20070504</subfield><subfield code="g">RPC</subfield></datafield></record></collection>